| 000 | 01674pam a2200385 i 4500 | ||
|---|---|---|---|
| 999 |
_c64780 _d64780 |
||
| 001 | 903675681 | ||
| 003 | CO-MdFUSB | ||
| 005 | 20190131161701.0 | ||
| 008 | 150626s2015 miu b 001 0 eng | ||
| 010 | _a2015025073 | ||
| 020 |
_a9780801097546 _qhardcover |
||
| 020 |
_a0801097541 _qhardcover |
||
| 040 |
_aDLC _bspa _erda _cCO-MdFUSB _dYDXCP _dBDX _dBTCTA _dOCLCO _dOCLCF _dTLE _dDTM _dWIO _dCDX _dNhCcYBP _dUtOrBLW |
||
| 041 | 1 |
_aeng _hger |
|
| 082 |
_224 _aG 232 _bD141c |
||
| 100 | 1 |
_aDalferth, Ingolf U., _eautor. |
|
| 240 | 1 | 0 | _aAuferweckte Gekreuzigte. |
| 245 | 1 | 0 |
_aCrucified and resurrected _b: restructuring the grammar of Christology _c/ Ingolf U. Dalferth ; traducido por Jo Bennett. |
| 264 | 1 |
_aGrand Rapids, Michigan : _bBaker Academic, a division of Baker Publishing Group, _c℗2015 |
|
| 264 | 4 | _c©2015 | |
| 300 |
_axxvi, 325 páginas ; _c24 cm. |
||
| 336 |
_2rdacontent. _atexto _btxt |
||
| 337 |
_2rdamedia. _asin mediación _bn |
||
| 338 |
_2rdacarrier. _avolumen _bnc |
||
| 500 | _aEn Aléman Der Auferweckte Gekreuzigte. | ||
| 501 | _aIncluye índices (páginas 315- 325) | ||
| 505 | 0 | _aEncarnación: el mito de Dios encarnado -- Cruz y resurrección: el verbo de la cruz -- Jesucristo: problemas fundamentales en la construcción de una cristología -- Trinidad: la relevancia teológica de la cruz para la idea de Dios -- El sacrificio expiatorio: la Importancia salvífica de la muerte de Jesús. | |
| 600 | 0 | 7 |
_aJesucristo _xCrucifixión |
| 600 | 0 | 7 |
_aJesucristo _xResurrección |
| 650 | 7 |
_aCristología _9239 |
|
| 700 | 1 |
_aBennett, Jo, _etraductor. |
|
| 942 | _cBK | ||